000
00289nam a2200109Ia 4500
008
190914s9999||||xx |||||||||||||| ||und||
100
_a
Andreas F. Molisch
245
0
_a
Wideband Wireless Digital Communications
260
_a
New Delhi
_b
Tata McGraw Hill
_c
2002
300
_a
696
942
_c
BK
999
_c
9556
_d
9556